Statistics for U.S. Presidents Quiz With Vice Presidents

Click here to take the quiz!

General Stats

  • This quiz has been taken 358 times
  • The average score is 37 of 45

Answer Stats

NumberVice PresidentPresident% Correct
2Thomas JeffersonJohn Adams
98%
1John AdamsGeorge Washington
97%
3Aaron Burr & George ClintonThomas Jefferson
94%
16Hannibal Hamlin & Andrew JohnsonAbraham Lincoln
92%
4George Clinton & Elbridge GerryJames Madison
90%
37Spiro Agnew & Gerald FordRichard Nixon
90%
5Daniel D. TompkinsJames Monroe
89%
35Lyndon B. JohnsonJohn F. Kennedy
89%
44Joe BidenBarack Obama
88%
42Al GoreBill Clinton
88%
43Dick CheneyGeorge W. Bush
88%
38Nelson RockefellerGerald Ford
88%
39Walter MondaleJimmy Carter
88%
36Hubert HumphreyLyndon B. Johnson
88%
40George BushRonald Reagan
88%
45Mike PenceDonald Trump
87%
32John Nance Garner, Henry A. Wallace & Harry S. TrumanFranklin D. Roosevelt
87%
6John C. CalhounJohn Quincy Adams
87%
7John C. Calhoun & Martin Van BurenAndrew Jackson
86%
17NoneAndrew Johnson
86%
33Alben BarkleyHarry S. Truman
85%
8Richard M. JohnsonMartin Van Buren
85%
34Richard NixonDwight D. Eisenhower
84%
10NoneJohn Tyler
84%
13NoneMillard Fillmore
84%
26Charles FairbanksTheodore Roosevelt
84%
18Schuyler Colfax & Henry WilsonUlysses S. Grant
84%
9John TylerWilliam Henry Harrison
83%
30Charles DawesCalvin Coolidge
82%
20Chester ArthurJames A. Garfield
82%
31Charles CurtisHerbert Hoover
79%
11George M. DallasJames K. Polk
79%
14William KingFranklin Pierce
78%
28Thomas R. MarshallWoodrow Wilson
78%
12Millard FillmoreZachary Taylor
78%
15John C. BreckinridgeJames Buchanan
77%
19William WheelerRutherford B. Hayes
76%
22Thomas HendricksGrover Cleveland
75%
25Garret Hobart & Theodore RooseveltWilliam McKinley
75%
29Calvin CoolidgeWarren G. Harding
74%
24Adlai E. StevensonGrover Cleveland
73%
27James S. ShermanWilliam Howard Taft
73%
23Levi P. MortonBenjamin Harrison
67%
21NoneChester Arthur
55%
41Dan QuayleGeorge Bush
52%

Score Distribution

Percentile by Number Answered

Percent of People with Each Score

Your Score History

You have not taken this quiz